Journey to Be /

Guardado en:
Bibliografiske detaljer
Hovedforfatter: Krassner, Albert (autor)
Format: Bog
Sprog:engelsk
Udgivet: Washington, EUA : Louis Hobson, 1983, c1983
Tags: Tilføj Tag
Ingen Tags, Vær først til at tagge denne postø!

MARC

LEADER 00000nam^a2200000^a^4500
001 000583998
005 20250526000000.0
009 20260310132701.088
020 |a 0-912061-0-6 
037 |a Acervo ITESO - Biblioteca 
041 |a ING 
091 |a FCO. 00625 
100 |a Krassner, Albert  |e (autor) 
245 1 0 |a Journey to Be / 
264 4 |a Washington, EUA :  |b Louis Hobson,  |c 1983, c1983 
300 |a 133 p. ;  |c 21.5 cm. 
336 |a texto  |b txt  |2 rdacontenido 
337 |a sin mediación  |b n  |2 rdamedio 
338 |a volumen  |b nc  |2 rdasoporte 
649 |a XX 
910 |a Fondo Erich Coufal Kieswetter 
920 |a Impresos - Libros 
930 |a Libros Antiguos y Raros 
905 |a 142 
901 |a 0500412243  |b IT2  |c LRA  |i D  |u 20250526 
902 |a https://opac.biblio.iteso.mx/vufind/Record/000583998